Finansy SSSR

Na minha lista:
Detalhes bibliográficos
Formato: Livro
Idioma:russo
Publicado em: Moskva Finansy 1971
Edição:2. pererab. i dopoln. izd.
Tags: Adicionar Tag
Sem tags, seja o primeiro a adicionar uma tag!

MARC

LEADER 00000nam a2200000 4500
001 c122594
005 20041019155225.7
041 0 |a rus 
044 |a RU 
245 1 0 |a Finansy SSSR 
250 |a 2. pererab. i dopoln. izd. 
264 1 |a Moskva  |b Finansy  |c 1971 
300 |a 370 s.